| 000 | 01020nam a22002777a 4500 | ||
|---|---|---|---|
| 003 | DO-SdBNP | ||
| 005 | 20251027102409.0 | ||
| 008 | 091021s2021 dr a r 000 f spa d | ||
| 020 | _z9789945613872 | ||
| 040 |
_aDO-SdBNP _bspa _cBNPHU |
||
| 082 |
_a940.31 _bP953g |
||
| 245 | 0 | 3 |
_aLa primera guerra mundial en las Antillas / _ccoordinador Xavier Calmettes |
| 260 |
_aSanto Domingo : _bArchivo General de la Nación, _bInstituto Superior de Formación Docente Salomé Ureña _c2021. |
||
| 300 |
_a271 p. : _bil. _c23 cm. |
||
| 490 | 1 |
_aArchivo General de la Nación _v413 ; |
|
| 490 | 1 | _aCiencias Sociales e Historia ; | |
| 504 | _aBibliografía p: 265-267 | ||
| 590 | _aInventariado, 2022/ YL | ||
| 650 | 4 |
_aNovela dominicana _zCaribe (Región) _9223 |
|
| 651 | 0 |
_aCaribe (Región) _xHistoria _ySiglo XX _987401 |
|
| 700 | 1 | 2 |
_aCalmettes, Xavier _ecoord. _981587 |
| 830 | 0 |
_pArchivo General de la Nación _n413 _981588 |
|
| 830 | 0 |
_pCiencias Sociales e Historia _981585 |
|
| 910 | _aYLockward | ||
| 942 |
_2ddc _cLBS1 |
||
| 999 |
_c51693 _d51693 |
||